| 000 | 00592nam a2200181 a 4500 | ||
|---|---|---|---|
| 003 | PILC | ||
| 005 | 20150112093443.0 | ||
| 008 | 100726s19uu xx 00 eng d | ||
| 050 |
_aGT 3406 _b.M478 2003 |
||
| 082 |
_aMnSFr 658.45620 _bM47 2003 |
||
| 100 |
_aMcLaurin, Don _920904 |
||
| 245 |
_aMeetings and conventions : _ba planning guide / _cDon McLaurin and Ted Wykes |
||
| 260 |
_aMissisauga, ON : _bMeeting Professional International, _c2003. |
||
| 300 |
_a533 pages : _c27 cm. |
||
| 650 |
_aMeetings and conventions - Planning _920905 |
||
| 700 |
_aWykes, Ted _920906 |
||
| 942 |
_2lcc _cBK |
||
| 999 |
_c14819 _d14819 |
||